The modern world system: Capitalist agriculture and the origins of the european world economy in the Sixteenth Century
I tiakina i:
| Kaituhi matua: | |
|---|---|
| Hōputu: | Pukapuka |
| Reo: | Ingarihi |
| I whakaputaina: |
Nueva York
Academic Press
1976
|
| Rangatū: | Studies in Social Discontinuity
|
| Ngā marau: | |
| Ngā Tūtohu: |
Tāpirihia he Tūtohu
Kāore He Tūtohu, Me noho koe te mea tuatahi ki te tūtohu i tēnei pūkete!
|
MARC
| LEADER | 00000nam a2200000 a 4500 | ||
|---|---|---|---|
| 001 | UCG0549 | ||
| 003 | CL-VaPUC | ||
| 008 | 100325e19760000US |||||||||||||||||eng|d | ||
| 020 | |a 0127859225 | ||
| 082 | 0 | 4 | |a 330.94 |b WAL |2 21 |
| 100 | 0 | |a Wallerstein, Immanuel Maurice |e author |9 486585 | |
| 245 | 1 | 4 | |a The modern world system: Capitalist agriculture and the origins of the european world economy in the Sixteenth Century |
| 300 | |a 244 p | ||
| 942 | |c BK | ||
| 945 | |d 20100325 00:00:00 |a dcastane | ||
| 260 | |a Nueva York |b Academic Press |c 1976 | ||
| 650 | 0 | |a Historia económica |9 307218 | |
| 650 | 7 | |a ECONOMIA EUROPEA |2 CL-VaPUC |9 548046 | |
| 650 | 7 | |a SISTEMA DE MERCADO |2 CL-VaPUC |9 548047 | |
| 650 | 0 | |a Agricultura |9 255598 | |
| 650 | 7 | |a CAPITALISMO SIGLO 16 |2 CL-VaPUC |9 548048 | |
| 583 | |a last modification |c 20180514 10:45:16 |k Rodrigo Vera | ||
| 490 | 0 | |a Studies in Social Discontinuity | |
| 999 | |c 340170 |d 340168 | ||
| 952 | |0 0 |1 0 |4 0 |6 330_940000000000000_WAL_1976 |7 0 |8 A |9 434706 |a BIBHIS |b BIBHIS |d 2019-11-22 |i 4643534 |o 330.94 WAL 1976 |p 4643534 |r 2025-01-20 |w 2019-11-22 |y BK |k HIS | ||